Central Library OPAC University of Rajshahi

Biodiversity and traditional knowledge : (Record no. 3545)

MARC details
000 -LEADER
fixed length control field 01121cam a22003014a 4500
001 - CONTROL NUMBER
control field 3545
003 - CONTROL NUMBER IDENTIFIER
rucl marc code BD-RjUL
005 - DATE AND TIME OF LATEST TRANSACTION
control field 20211208233741.0
008 - FIXED-LENGTH DATA ELEMENTS--GENERAL INFORMATION
fixed length control field 131219s2002 enka b 001 0 eng
020 ## - INTERNATIONAL STANDARD BOOK NUMBER
International Standard Book Number 1853836982 (pbk.)
International Standard Book Number 1853839140 (hardback)
035 ## - SYSTEM CONTROL NUMBER
System control number (BD-RjUL)3579
040 ## - CATALOGING SOURCE
Original cataloging agency DLC
Transcribing agency DLC
Modifying agency DLC
-- BD-RjUL
Language of cataloging eng
041 ## - LANGUAGE CODE
Language code of text/sound track or separate title eng
082 00 - DEWEY DECIMAL CLASSIFICATION NUMBER
Classification number 333.95
Edition number 21
Author mark and year BIO 2002
245 00 - TITLE STATEMENT
Title Biodiversity and traditional knowledge :
Remainder of title equitable partnerships in practice /
Statement of responsibility, etc. edited by Sarah A. Laird.
260 ## - PUBLICATION, DISTRIBUTION, ETC. (IMPRINT)
Place of publication, distribution, etc. London ;
-- Sterling, VA :
Name of publisher, distributor, etc. Earthscan Publications,
Date of publication, distribution, etc. c2002.
300 ## - PHYSICAL DESCRIPTION
Pagination xxxix, 504 p. :
Illustrations ill. ;
Size 24 cm.
504 ## - BIBLIOGRAPHY, ETC. NOTE
Bibliography, etc Includes bibliographical references (p. [461]-[488]). and index.
650 #0 - SUBJECT ADDED ENTRY--TOPICAL TERM
Topical term or geographic name as entry element Germplasm resources.
9 (RLIN) 11185
Topical term or geographic name as entry element Biodiversity.
9 (RLIN) 11186
700 1# - ADDED ENTRY--PERSONAL NAME
Personal name Laird, Sarah A.
856 ## - ELECTRONIC LOCATION AND ACCESS
Uniform Resource Identifier <a href="http://www.worldcat.org/title/biodiversity-and-traditional-knowledge-equitable-partnerships-in-practice/oclc/48468751&referer=brief_results">http://www.worldcat.org/title/biodiversity-and-traditional-knowledge-equitable-partnerships-in-practice/oclc/48468751&referer=brief_results</a>
942 ## - ADDED ENTRY ELEMENTS (KOHA)
Source of classification or shelving scheme Dewey Decimal Classification
Koha item type Books
Holdings
Lost status Source of classification or shelving scheme Damaged status Not for loan Collection code Permanent Location Current Location Shelving location Date acquired Source of acquisition Cost, normal purchase price Total Checkouts Full call number Date last seen Copy number Koha item type
  Dewey Decimal Classification     Non-fiction Central Library, University of Rajshahi Central Library, University of Rajshahi   08/07/2008 Dhaka Paragon Enterprise Ltd. 24.95   333.95 BIO 2002 19/12/2013 C-3 Books
  Dewey Decimal Classification     Non-fiction Central Library, University of Rajshahi Central Library, University of Rajshahi   08/07/2008 Parabon Enterprise, Dhaka 24.95   333.95 BIO 2002 26/06/2016 C-2 Books
  Dewey Decimal Classification     Non-fiction Central Library, University of Rajshahi Central Library, University of Rajshahi   29/07/2007 Parabon Enterprise, Dhaka 24.95   333.95 BIO 2002 05/09/2016 C-4 Books
  Dewey Decimal Classification   Not For Loan Non-fiction Central Library, University of Rajshahi Central Library, University of Rajshahi Reading Room 29/07/2007 Parabon Enterprise, Dhaka 24.95   333.95 BIO 2002 22/12/2016 C-1 Books